Name That Instrument! - Statistics

General Stats
  • This quiz has been taken 31 times
  • The average score is 9 of 11
Answer Stats
Picture Answer % Correct
Grand Piano
100%
Guitar
100%
Violin
100%
Trumpet
96%
Drums
91%
Saxophone
83%
Trombone
83%
Viola
74%
Bongo Drum
57%
Didgeridoo
43%
Ocarina
43%
No matching quizzes found
Score Distribution
Percent of People with Each Score
Percentile by Number Answered
Your Score History
You have not taken this quiz